[Event "Ruhrgebiet VL2 0304"]
[Site "Ruhrgebiet"]
[Date "2003.11.09"]
[Round "3.3"]
[White "Kucheyda, Joerg"]
[Black "Nebel, Jens U"]
[Result "1-0"]
[WhiteElo "2059"]
[BlackElo "2042"]
[PlyCount "49"]
[EventDate "2003.09.28"]
[EventType "team"]
[EventRounds "9"]
[EventCountry "GER"]
[SourceTitle "EXT 2007"]
[Source "ChessBase"]
[SourceDate "2006.11.23"]
[SourceVersion "1"]
[SourceVersionDate "2006.11.23"]
[SourceQuality "1"]
[WhiteTeam "Gladbeck SG"]
[BlackTeam "Recklinghausen Sued"]
[WhiteTeamCountry "GER"]
[BlackTeamCountry "GER"]

1. d4 Nf6 2. c4 g6 3. Nc3 d5 4. cxd5 Nxd5 5. e4 Nxc3 6. bxc3 Bg7 7. Nf3 0-0 8. Be2 c5 9. Rb1 Nc6 10. d5 Bxc3+ 11. Bd2 Bxd2+ 12. Qxd2 Nb8 13. h4 f6 14. Qh6 Rf7 15. Ng5 Qa5+ 16. Kf1 Qxa2 17. Re1 fxg5 18. h5 Bg4 19. hxg6 Bxe2+ 20. Kg1 Bg4 21. gxf7+ Kxf7 22. Qxh7+ Ke8 23. Qg8+ Kd7 24. Qxg5 Be2 25. Rh7 1-0

[Event "Ruhrgebiet VL2 0304"]
[Site "Ruhrgebiet"]
[Date "2003.09.28"]
[Round "1.3"]
[White "Mueschenich, Stefan"]
[Black "Nebel, Jens U"]
[Result "1-0"]
[WhiteElo "2129"]
[BlackElo "2042"]
[PlyCount "53"]
[EventDate "2003.09.28"]
[EventType "team"]
[EventRounds "9"]
[EventCountry "GER"]
[SourceTitle "EXT 2007"]
[Source "ChessBase"]
[SourceDate "2006.11.23"]
[SourceVersion "1"]
[SourceVersionDate "2006.11.23"]
[SourceQuality "1"]
[WhiteTeam "Hamm 45/58"]
[BlackTeam "Recklinghausen Sued"]
[WhiteTeamCountry "GER"]
[BlackTeamCountry "GER"]

1. e4 c5 2. Nf3 d6 3. d4 cxd4 4. Nxd4 Nf6 5. Nc3 g6 6. h3 Bg7 7. g4 h5 8. g5 Nfd7 9. Bg2 Nc6 10. Nde2 Nc5 11. Be3 Be6 12. Qd2 Rc8 13. f4 Qa5 14. a3 b5 15. 0-0 Nd7 16. b3 f5 17. gxf6 Nxf6 18. f5 Bf7 19. b4 Qa6 20. a4 Ne5 21. axb5 Qb7 22. Rxa7 Qb8 23. fxg6 Bxg6 24. Bd4 Bh6 25. Qe1 Rg8 26. Kh1 Bh7 27. Rxf6 1-0

[Event "Recklinghausen op 14th"]
[Site "Recklinghausen"]
[Date "2003.08.24"]
[Round "7"]
[White "Nebel, Jens U"]
[Black "Terwey, Matthias"]
[Result "0-1"]
[WhiteElo "2199"]
[BlackElo "2101"]
[PlyCount "94"]
[EventDate "2003.08.18"]
[EventType "swiss"]
[EventRounds "7"]
[EventCountry "GER"]
[SourceTitle "CBM 095 Extra"]
[Source "ChessBase"]
[SourceDate "2003.09.04"]
[SourceVersion "1"]
[SourceVersionDate "2003.09.04"]
[SourceQuality "1"]

1. Nf3 Nf6 2. b3 c5 3. Bb2 d5 4. e3 Nc6 5. d4 Bf5 6. a3 e6 7. Nbd2 Bd6 8. Be2 0-0 9. 0-0 cxd4 10. Nxd4 Nxd4 11. Bxd4 Qc7 12. c4 Bxh2+ 13. Kh1 Ne4 14. Rc1 Bd6 15. Bb2 Qe7 16. g3 Nxd2 17. Qxd2 Be4+ 18. Kg1 Qg5 19. Qd4 f6 20. cxd5 exd5 21. Rfd1 Be5 22. Qd2 Qh6 23. f3 Bxg3 24. Bc4 dxc4 25. fxe4 Rad8 26. Qe2 cxb3 27. Bd4 Qg6 28. Qc4+ Kh8 29. Qxb3 Be5+ 30. Kf1 Bxd4 31. exd4 Qxe4 32. d5 Rd7 33. Rc3 Re8 34. Qc2 Qxc2 35. Rxc2 h5 36. Kf2 g5 37. d6 Kg7 38. Rc7 Red8 39. Re1 Kg6 40. Re7 Rxd6 41. Rxb7 Rd2+ 42. Ke1 a6 43. Ra7 R8d6 44. Re3 Ra2 45. Kf1 Rd1+ 46. Re1 Rxe1+ 47. Kxe1 Rxa3 0-1

[Event "Recklinghausen op 14th"]
[Site "Recklinghausen"]
[Date "2003.08.21"]
[Round "4"]
[White "Henrichs, Wenke"]
[Black "Nebel, Jens U"]
[Result "1/2-1/2"]
[WhiteElo "2090"]
[BlackElo "2199"]
[PlyCount "30"]
[EventDate "2003.08.18"]
[EventType "swiss"]
[EventRounds "7"]
[EventCountry "GER"]
[SourceTitle "CBM 095 Extra"]
[Source "ChessBase"]
[SourceDate "2003.09.04"]
[SourceVersion "1"]
[SourceVersionDate "2003.09.04"]
[SourceQuality "1"]

1. c4 Nf6 2. Nc3 g6 3. d4 d5 4. cxd5 Nxd5 5. e4 Nxc3 6. bxc3 Bg7 7. Bc4 c5 8. Ne2 Nc6 9. Be3 cxd4 10. cxd4 0-0 11. 0-0 Qa5 12. Rb1 Rd8 13. Qb3 e6 14. Rfd1 Qh5 15. Qc2 a6 1/2-1/2

[Event "Internet Section 15-A"]
[Site "Dos Hermanas"]
[Date "2003.03.15"]
[Round "5"]
[White "Luther, Thomas"]
[Black "Nebel, Jens U"]
[Result "1-0"]
[WhiteElo "2575"]
[BlackElo "2199"]
[PlyCount "51"]
[EventDate "2003.03.15"]
[EventType "swiss (blitz)"]
[EventRounds "9"]
[EventCountry "ESP"]
[SourceTitle "EXT 2004"]
[Source "ChessBase"]
[SourceDate "2003.11.25"]
[SourceVersion "1"]
[SourceVersionDate "2003.11.25"]
[SourceQuality "1"]

1. e4 c5 2. Nf3 d6 3. d4 cxd4 4. Nxd4 Nf6 5. Nc3 g6 6. Be3 Bg7 7. f3 0-0 8. Qd2 Nc6 9. 0-0-0 Nxd4 10. Bxd4 Be6 11. Nd5 Bxd5 12. exd5 a6 13. Kb1 b5 14. g4 Rc8 15. g5 Nd7 16. Bxg7 Kxg7 17. h4 Ne5 18. f4 Nc4 19. Bxc4 Rxc4 20. h5 Rg8 21. Rde1 Qc7 22. b3 Rc3 23. Rxe7 Qc5 24. hxg6 hxg6 25. Rh7+ Kxh7 26. Qh2+ 1-0